000 00211nam a2200097Ia 4500
008 190216s9999||||xx |||||||||||||| ||und||
100 _aKittunni Nair
245 0 _aKathasarisagaram
260 _bNull
942 _cBK
999 _c25009
_d25009